| 000 | 00353nam a2200097Ia 4500 | ||
|---|---|---|---|
| 082 | _a362.29 BLAC | ||
| 245 | 0 | _aStraight talk from Claudia Black : what recovering parents should tell their kids about drugs and alcohol | |
| 100 |
_a BLACK, Claudia Center City, Minn., 2003 _996481 |
||
| 942 | _cBK | ||
| 008 | 210817s9999 xx 000 0 und d | ||
| 999 |
_c405427 _d405426 |
||